000 01001nam a22003017a 4500
003 CHAP
005 20220329133639.0
008 971013s1992 r 00010 d
010 _a8994
011 _a9966
035 _a9203
040 _cCHAP
090 _aTesis
100 0 0 _aArano Susanaga, Marco Antonio.
_96522
245 _aDescripción de actividades de extensión en el Centro de Apoyo Nuevo Morelos, municipio de Jesús Carranza, Veracruz
260 _aMarín, N.L. :
_bEl autor,
_c1992
300 _a48 h.
502 _aTesis (Ing. Agr. Fitotecnista) -- UANL. Fac. de Agronomía
590 _aALEPH
_b10
_c20130110
_lUCH01
_h1224
590 _aBATCH-UPD
_b10
_c20130110
_lUCH01
_h2004
590 _aBATCH-UPD
_b10
_c20130410
_lUCH01
_h1324
590 _aBATCH-UPD
_b10
_c20130914
_lUCH01
_h1337
590 _aCONVERSION
_b10
_c20130109
_lUCH01
_h1306
650 1 4 _aExtensión agrícola
_xVeracruz.
_939192
901 _aBK
942 _cTESIS
949 _bBC
_cTES
_d-19770
_eTS1
_h30052
_i9203
_si
999 _c8994
_d8994